La trinidad creadora : teología de la trinidad y sinergia / Alexandre Ganozcy; traducción Fernando Torres Antoñanzas

-д хадгалсан:
Номзүйн дэлгэрэнгүй
Үндсэн зохиолч: Ganozcy, Alexandre (1928-) (autor)
Бусад зохиолчид: I.Torres Antoñanzas, Fernando (autor) (autor)
Формат: Ном
Цуврал:Ágape; no. 41
Нөхцлүүд:
Шошгууд: Шошго нэмэх
Шошго байхгүй, Энэхүү баримтыг шошголох эхний хүн болох!

MARC

LEADER 00000nam^a2200000^u^4500
001 000549275
005 20250521000000.0
008 060220s1000^^^^^^^^^^^^r^^^^^000^0^spa^d
009 20260310131510.14
022 |a 8496488063 
035 |a FMI 000019030 
037 |a Acervo Xavier Clavigero 
096 |a 5.2.1/8/A 
100 |a Ganozcy, Alexandre (1928-)  |e (autor) 
245 1 3 |a La trinidad creadora : teología de la trinidad y sinergia / Alexandre Ganozcy; traducción Fernando Torres Antoñanzas 
264 |a Salamanca (España) : Secretariado Trinitario 
300 |a 310 p. 
336 |a texto  |b txt  |2 rdacontenido 
337 |a sin mediación  |b n  |2 rdamedio 
338 |a volumen  |b nc  |2 rdasoporte 
440 0 |a Ágape; no. 41 
597 |a Incluye bibliografía 
597 |a Traducido de: Der dreieinige Schöpfer. Trinitätstheologie und Synergie 
649 |a XX 
650 |a Trinidad 
700 |a I.Torres Antoñanzas, Fernando  |e (autor) 
910 |a Fondo Francisco Migoya Covarrubias S.J. 
920 |a Impresos - Libros 
930 |a Fondos Especiales 
905 |a 134 
901 |a SBC27894  |b IT2  |c ESP  |u 20250521 
902 |a https://opac.biblio.iteso.mx/vufind/Record/000549275